Officially Recognized Minority Groups of Europe - Statistics

General Stats
  • This quiz has been taken 24 times
  • The average score is 64 of 216
Answer Stats
Country Answer Population % Correct
Bosnia and Herzegovina Albanians 2,659
80%
Croatia Bosniaks 24,131
80%
Austria Carinthian Slovenes 13,109 (~20,000)
80%
Bosnia and Herzegovina Germans 365
80%
Denmark Germans ~15,000
80%
Albania Greeks 23,485
80%
Croatia Italians 13,763
80%
Bosnia and Herzegovina Macedonians 738
80%
Croatia Roma 17,980
80%
Croatia Serbs 123,892
80%
Czech Republic Slovaks 96,041
80%
Bosnia and Herzegovina Turks 1,108
80%
Croatia Albanians 13,817
60%
Albania Aromanians 2,459
60%
Albania Bosniaks 2,963
60%
Albania Bulgarians 7,057
60%
Croatia Bulgarians 262
60%
Austria Burgenland Croats 19,412 (~30,000)
60%
Austria Czechs 40,324 (~60,000)
60%
Croatia Czechs 7,862
60%
Croatia Germans 3,034
60%
Austria Hungarians 25,884 (~90,000)
60%
Bosnia and Herzegovina Hungarians 350
60%
Croatia Hungarians 10,315
60%
Bosnia and Herzegovina Italians 391
60%
Bosnia and Herzegovina Jews 262
60%
Croatia Jews 410
60%
Finland Karelian Speakers ~30,000
60%
Albania Macedonians 2,281
60%
Croatia Macedonians 3,555
60%
Albania Montenegrins 511
60%
Bosnia and Herzegovina Montenegrins 1,883
60%
Croatia Montenegrins 3,127
60%
Albania Roma 9,813
60%
Austria Roma 6,273 (~45,000)
60%
Czech Republic Roma 4,458
60%
Croatia Romanians 337
60%
Bosnia and Herzegovina Russians 276
60%
Croatia Russians 1,481
60%
Bosnia and Herzegovina Rusyns 32
60%
Croatia Rusyns 1,343
60%
Albania Serbs 584
60%
Austria Slovaks 35,326 (~40,000)
60%
Croatia Slovaks 3,688
60%
Croatia Slovenes 7,729
60%
Germany Sorbs ~60,000
60%
Finland Swedish Speakers 287,933
60%
Croatia Turks 404
60%
Croatia Ukrainians 1,905
60%
Serbia Albanians 61,687
40%
Montenegro Albanian Speakers 32,725
40%
Croatia Austrians 365
40%
Serbia Bosniaks 153,801
40%
Montenegro Bosnian Speakers 43,470
40%
United Kingdom Cornish ~120,000
40%
Montenegro Croatian Speakers 2,193
40%
Bosnia and Herzegovina Czechs 279
40%
Slovakia Czechs 28,996
40%
Albania Egyptians 12,375
40%
Italy French Speakers ~2,000
40%
Switzerland French Speakers ~1,900,000
40%
Czech Republic Germans 9,128
40%
Italy German Speakers ~325,000
40%
Italy Greek (Griko) Speakers ~22,000
40%
Czech Republic Greeks 2,069
40%
Romania Hungarians 1,002,151
40%
Serbia Hungarians 184,442
40%
United Kingdom Irish ~1,200,000
40%
Slovenia Italians 2,258
40%
Switzerland Italian Speakers ~678,000
40%
Bosnia and Herzegovina Poles 258
40%
Croatia Poles 657
40%
Czech Republic Poles 26,802
40%
Ukraine Polish Speakers 19,195
40%
Bosnia and Herzegovina Roma 12,583
40%
Germany Roma ~30,000
40%
Hungary Roma 200,306
40%
Serbia Roma 131,936
40%
Bosnia and Herzegovina Romanians 109
40%
Serbia Romanians 23,044
40%
Ukraine Romanian Speakers 142,671
40%
Czech Republic Russians 25,296
40%
Czech Republic Rusyns 608
40%
Slovakia Rusyns 23,746
40%
Norway Sami ~49,000
40%
Sweden Sami ~25,000
40%
United Kingdom Scots ~6,500,000
40%
Bosnia and Herzegovina Slovaks 173
40%
Bosnia and Herzegovina Slovenes 937
40%
Sweden Sweden Finns ~570,000
40%
North Macedonia Turks 70,961
40%
Bosnia and Herzegovina Ukrainians 2,331
40%
Poland Ukrainians 51,001
40%
Croatia Vlachs 22
40%
United Kingdom Welsh ~2,600,000
40%
Italy Albanian (Arbëresh) Speakers ~85,000
20%
North Macedonia Albanians 446,245
20%
Hungary Armenians 3,242
20%
Poland Armenians 3,623
20%
Romania Armenians 1,213
20%
Poland Belarusians 46,787
20%
Ukraine Belarusian Speakers 56,249
20%
Czech Republic Bulgarians 6,073
20%
Romania Bulgarians 5,975
20%
Serbia Bulgarians 12,918
20%
Ukraine Bulgarian Speakers 134,396
20%
Ukraine Crimean Tatar Speakers 231,382
20%
Italy Croatian (Molise) Speakers ~1,500
20%
Czech Republic Croats 1,167
20%
Serbia Croats 39,107
20%
Poland Czechs 3,447
20%
Ukraine Czech Speakers ~2,000
20%
Germany Danes ~50,000
20%
Italy Franco-Provençal Speakers ~70,000
20%
Ukraine Gagauz Speakers 23,765
20%
Hungary Germans 98,402
20%
Poland Germans 147,814
20%
Serbia Germans 2,573
20%
Slovakia Germans 3,318
20%
Ukraine German Speakers 4,206
20%
Hungary Greeks 4,773
20%
Romania Greeks 2,086
20%
Serbia Greeks 690
20%
Ukraine Hebrew (Yiddish) Speakers 3,307
20%
Slovakia Hungarians 422,065
20%
Slovenia Hungarians 6,243
20%
Ireland Irish Travellers 32,949
20%
Norway Jews 770
20%
Poland Jews 7,508
20%
Romania Jews 2,378
20%
Serbia Jews 709
20%
Slovakia Jews 596
20%
Sweden Jews ~15,000
20%
Switzerland Jews ~20,000
20%
Italy Ladin Speakers ~35,000
20%
Romania Lipovans 19,394
20%
Poland Lithuanians 7,863
20%
Romania Macedonians 1,089
20%
Serbia Macedonians 14,767
20%
Ukraine Modern Greek Speakers 6,029
20%
Serbia Montenegrins 20,238
20%
Italy Occitan Speakers ~68,000
20%
North Macedonia Roma 46,433
20%
Norway Roma ~7,000
20%
Romania Roma 569,477
20%
Slovakia Roma 67,179
20%
Hungary Romanians 18,195
20%
Switzerland Romansh Speakers ~44,000
20%
Poland Russians 13,046
20%
Slovakia Russians 3,245
20%
Hungary Rusyns 5,162
20%
Romania Rusyns 834
20%
Serbia Rusyns 11,483
20%
Italy Sardinian Speakers ~1,000,000
20%
Czech Republic Serbs 2,914
20%
Hungary Slovaks 25,534
20%
Poland Slovaks 3,240
20%
Ukraine Slovak Speakers 2,768
20%
Italy Slovene Speakers ~80,000
20%
Romania Turks 20,945
20%
Czech Republic Ukrainians 78,068
20%
Slovakia Ukrainians 9,451
20%
Czech Republic Vietnamese 31,469
20%
Romania Albanians 645
0%
North Macedonia Aromanians 8,714
0%
Serbia Ashkali 1,307
0%
Czech Republic Belarusians 4,030
0%
North Macedonia Bosniaks 16,042
0%
Hungary Bulgarians 3,770
0%
Slovakia Bulgarians 1,106
0%
Serbia Bunjevci 11,104
0%
Italy Catalan Speakers ~25,000
0%
Hungary Croats 19,099
0%
Romania Croats 4,842
0%
Slovakia Croats 967
0%
Romania Czechs 1,576
0%
Serbia Czechs 1,317
0%
Serbia Egyptians 1,484
0%
Norway Forest Finns ~4,000
0%
Germany Frisians ~60,000
0%
Italy Friulian Speakers ~500,000
0%
Romania Germans 22,907
0%
Czech Republic Hungarians 5,969
0%
Ukraine Hungarian Speakers 161,618
0%
Romania Italians 4,039
0%
Ukraine Karaim Speakers 96
0%
Ukraine Krymchak Speakers 0 to 50
0%
Norway Kvens ~12,000
0%
Slovakia Moravians 1,098
0%
Hungary Poles 5,602
0%
Romania Poles 2,137
0%
Slovakia Poles 3,771
0%
Sweden Roma ~34,000
0%
Finland Romani Speakers ~10,000
0%
Ukraine Romani Speakers 22,603
0%
Ukraine Rumeika Speakers ~5,000
0%
Finland Sami Speakers 2,023
0%
Hungary Serbs 8,035
0%
North Macedonia Serbs 23,847
0%
Romania Serbs 12,026
0%
Slovakia Serbs 1,084
0%
Germany Sinti ~110,000
0%
Switzerland Sinti ~400
0%
Romania Slovaks 10,232
0%
Serbia Slovaks 41,730
0%
Hungary Slovenes 2,984
0%
Serbia Slovenes 2,829
0%
Romania Tatars 18,156
0%
Sweden Tornedalians ~95,000
0%
Hungary Ukrainians 19,064
0%
Romania Ukrainians 45,835
0%
Serbia Ukrainians 3,969
0%
Ukraine Urum Speakers ~2,000
0%
Slovakia Vietnamese 2,793
0%
Serbia Vlachs 21,013
0%
Switzerland Yenish ~30,000
0%
No matching quizzes found
Score Distribution
Percent of People with Each Score
Percentile by Number Answered
Your Score History
You have not taken this quiz